000 00495nam a22001817a 4500
003 CEME
005 20210628201747.0
008 210216b xxu||||| |||| 00| 0 eng d
020 _a0-89006-341-9
040 _c.
082 _a621.3848 SUL
100 _aSullivan, Roger.J
_956703
245 _aMicrowave radar, imaging and advanced concepts
260 _aBOSTON
_bARTECH HOUSE
_c2000
300 _aXXVI,475P
650 _aRADAR MICROWAVES SYNTHETIC APERTURE RADAR
_956704
942 _cBK
_2ddc
999 _c567067
_d567067